Appraisal of Steel demand (Record no. 375298)

000 -LEADER
fixed length control field 00440cam a22001217a 4500
008 - FIXED-LENGTH DATA ELEMENTS--GENERAL INFORMATION
fixed length control field 180718b1960 xxu||||| |||| 00| 0 eng d
082 ## - DEWEY DECIMAL CLASSIFICATION NUMBER
Classification number T2161x54 N213
245 ## - TITLE STATEMENT
Title Appraisal of Steel demand
Statement of responsibility, etc. by National Council of Applied Economic Research, India
260 ## - PUBLICATION, DISTRIBUTION, ETC.
Place of publication, distribution, etc. New Delhi
Name of publisher, distributor, etc. National Council of Applied Economic Research
Date of publication, distribution, etc. 1960
300 ## - PHYSICAL DESCRIPTION
Extent xi,138p.
650 ## - SUBJECT ADDED ENTRY--TOPICAL TERM
Topical term or geographic name entry element Steel Industry and Trade - India
700 ## - ADDED ENTRY--PERSONAL NAME
Personal name India. Appraisal of Steel demand
Holdings
Withdrawn status Lost status Damaged status Not for loan Permanent Location Current Location Date acquired Full call number Barcode Date last seen Price effective from Koha item type
        Indian Institute of Public Administration Indian Institute of Public Administration 1994-07-20 T2161x54 N213 22081 2018-07-21 2018-07-21 Book

Powered by Koha